Estatísticas para Emissoras afiliadas à Rede Globo situadas nas capitais brasileiras

Clique aqui para jogar o quiz

Estatísticas Gerais

  • Esse quiz foi jogado 22 vezes
  • A pontuação média é 14 de 22

Estatísticas das Respostas

CapitalEmissora% Correto
Porto AlegreRBS TV
83%
CuritibaRPC
72%
FlorianópolisNSC TV
67%
GoiâniaTV Anhanguera
67%
PalmasTV Anhanguera
67%
Rio BrancoTV Acre
61%
MacapáTV Amapá
61%
ManausTV Amazonas
61%
SalvadorTV Bahia
61%
VitóriaTV Gazeta
61%
MaceióTV Gazeta de Alagoas
61%
Campo GrandeTV Morena
61%
Porto VelhoTV Rondônia
61%
Boa VistaTV Roraima
61%
AracajuTV Sergipe
61%
FortalezaTV Verdes Mares
61%
NatalInterTV Cabugi
56%
João PessoaTV Cabo Branco
56%
CuiabáTV Centro América
56%
TeresinaTV Clube
56%
São LuísTV Mirante
56%
BelémTV Liberal
50%

Distribuição das Pontuações

Percentil de Números Respondidos

Porcentagem de Pessoas com Cada Pontuação

Sua Pontuação Histórica

Você não jogou esse quiz